| 000 | 01007nam a22002897a 4500 | ||
|---|---|---|---|
| 003 | CHAP | ||
| 005 | 20220329140648.0 | ||
| 008 | 971013s1846 r 00010 d | ||
| 010 | _a55576 | ||
| 011 | _a56548 | ||
| 035 | _a60701 | ||
| 040 | _cCHAP | ||
| 082 |
_a972.6 _bR4 |
||
| 100 | 0 | 0 |
_aYucatán. _9123312 |
| 245 | _amemoria leída ante el augusto congreso extraordinario de Yucatán, por el secretario general de gobierno, el día 18 de septiembre de 1846 | ||
| 260 |
_aMérida : _bImprenta de Castillo y Compañía, _c(1846) |
||
| 300 |
_a26 p. _b; anexos |
||
| 500 | _aEncuadernado con: Regil, José María. Estadística de Yucatán | ||
| 590 |
_aBATCH-UPD _b10 _c20130110 _lUCH01 _h0649 |
||
| 590 |
_aBATCH-UPD _b10 _c20130410 _lUCH01 _h0334 |
||
| 590 |
_aBATCH-UPD _b10 _c20130914 _lUCH01 _h2111 |
||
| 590 |
_aCONVERSION _b10 _c20130109 _lUCH01 _h1330 |
||
| 650 | 1 | 4 |
_aYucatán _xPolítica y gobierno. _9123327 |
| 901 | _aBK | ||
| 942 | _cLIBRO | ||
| 949 |
_a972.6 R4 _bBC _cBPP _d-130674 _eBPP _i60701 _si |
||
| 999 |
_c55576 _d55576 |
||